000 01867cam a22004217a 4500
999 _c529875
_d529875
001 14173089
003 NUST
005 20191004111303.0
008 051118s2005 dcudk b 000 0 eng d
010 _a 2005937609
020 _a0309097622 (pbk.)
035 _a(OCoLC)ocm65183600
038 _aMSOHAIL
040 _aTRL
_cTRL
_dDAY
_dDLC
042 _alccopycat
050 0 0 _aTE192
_b.H37 2005
082 0 0 _a625.7
_222
100 1 _aHarder, Barbara T.
_922376
245 1 0 _aTransportation technology transfer :
_bsuccesses, challenges, and needs /
_cBarbara T. Harder and Robert Benke.
260 _aWashington, D.C. :
_bTransportation Research Board, National Research Council,
_c2005.
300 _a85 p. :
_bcharts, forms ;
_c28 cm.
490 1 _aNCHRP synthesis,
_x0547-5570 ;
_v355
500 _a"Research sponsored by the American Association of State Highway and Transportation Officials in cooperation with the Federal Highway Administration."
504 _aIncludes bibliographical references (p. 47-49).
650 0 _aHighway research
_zUnited States.
_920088
650 0 _aHighway engineering
_zUnited States.
_921226
650 0 _aTransportation
_xResearch
_zUnited States.
_922374
650 0 _aTechnology transfer
_zUnited States.
_921749
700 1 _aBenke, Robert J.
_922874
710 2 _aNational Cooperative Highway Research Program.
_920864
710 2 _aAmerican Association of State Highway and Transportation Officials.
_919553
710 2 _aNational Research Council (U.S.).
_bTransportation Research Board.
_922875
830 0 _aSynthesis of highway practice ;
_v355.
_922876
906 _a7
_bcbc
_ccopycat
_d2
_eepcn
_f20
_gy-gencatlg
942 _2ddc
_cBK